Vida de Miguel de Cervantes Saavedra (Record no. 4345)

MARC details
000 -CABECERA
campo de control de longitud fija 00932nam a2200241 a 4500
001 - NÚMERO DE CONTROL
campo de control BRCA_4642
005 - FECHA Y HORA DE LA ÚLTIMA TRANSACCIÓN
campo de control 20190320204739.0
008 - DATOS DE LONGITUD FIJA--INFORMACIÓN GENERAL
campo de control de longitud fija 290910s1819----sp-a######---#000-0#spa-#
041 ## - CÓDIGO DE LENGUA
Código de lengua del texto/banda sonora o título independiente spa
044 ## - CÓDIGO DEL PAÍS DE LA ENTIDAD EDITORA/PRODUCTORA
Código MARC del país sp
050 #4 - SIGNATURA TOPOGRÁFICA DE LA BIBLIOTECA DEL CONGRESO
Número de clasificación PQ6337
Número de documento/Ítem .F47 1819
100 1# - ENTRADA PRINCIPAL--NOMBRE DE PERSONA
Nombre de persona Fernández de Navarrete, Martín
Fechas asociadas al nombre 1765-1844
9 (RLIN) 11748
245 10 - MENCIÓN DE TÍTULO
Título Vida de Miguel de Cervantes Saavedra
Mención de responsabilidad, etc. escrita e ilustrada con varias noticias y documentos inéditos pertenecientes a la historia y literatura de su tiempo por D. Martín Fernández de Navarrete.
260 ## - PUBLICACIÓN, DISTRIBUCIÓN, ETC.
Lugar de publicación, distribución, etc. Madrid
Nombre del editor, distribuidor, etc. Imprenta Real
Fecha de publicación, distribución, etc. 1819
300 ## - DESCRIPCIÓN FÍSICA
Extensión 643 p.
Otras características físicas il., 1 lámina
Dimensiones 19 cm.
500 ## - NOTA GENERAL
Nota general Incluye índice de las principales materias que contiene esta vida de Cervantes
500 ## - NOTA GENERAL
Nota general Estado físico: Cubierta desprendida
500 ## - NOTA GENERAL
Nota general QMB133
600 14 - PUNTO DE ACCESO ADICIONAL DE MATERIA--NOMBRE DE PERSONA
Nombre de persona Cervantes Saavedra, Miguel de
Fechas asociadas al nombre 1547-1616
9 (RLIN) 213
650 14 - PUNTO DE ACCESO ADICIONAL DE MATERIA--TÉRMINO DE MATERIA
Término de materia o nombre geográfico como elemento de entrada Literatura española
Subdivisión cronológica 1500-1616
9 (RLIN) 11749
902 ## - CATALOGADOR
Iniciales GFM
942 ## - ELEMENTOS DE PUNTO DE ACCESO ADICIONAL (KOHA)
Fuente del sistema de clasificación o colocación Library of Congress Classification
Tipo de ítem Koha Libros
Holdings
Estado de retiro Estado de pérdida Estado dañado No para préstamo Localización permanente Ubicación/localización actual Fecha de adquisición Número de inventario Total de préstamos Signatura topográfica completa Código de barras Fecha visto por última vez Precio válido a partir de Tipo de ítem Koha
El ejemplar forma parte de la colección y puede ser consultado según las políticas vigentes.       Biblioteca del Museo Franz Mayer (Rogerio Casas-Alatriste) Biblioteca del Museo Franz Mayer (Rogerio Casas-Alatriste) 29/09/2010 QMB133   PQ6337 .F47 1819 (QMB133) 4642 22/03/2019 22/03/2019 Libros